ბათუმის შოთა რუსთაველის სახელმწიფო უნივერსიტეტის ბიბლიოთეკა

ქართველური და შუმერული ენობრივი მსგავსებანი. წ. 1 / (ბიბ.ჩანაწერი № 57043)

000 -ლიდერი
ფიქსირებული სიგრძის საკონტროლო ველი 01362nam a22002657a 4500
003 - საკონტროლო ნომრის იდენტიფიკატორი
საკონტროლო ველი Ge_BSU
005 - ბოლო ოპერაციის თარიღი და დრო
საკონტროლო ველი 20191031113505.0
008 - ფიქსირებული სიგრძის მონაცემთა ელემენტები - ზოგადი ინფორმაცია
ფიქსირებული სიგრძის საკონტროლო ველი 191031s2009 ||||| |||| 00| 0 geo d
020 ## - წიგნის საერთაშორისო სტანდარტული ნომერი
International Standard Book Number 9789941019777
041 ## - ენის კოდი
Language code of text/sound track or separate title geo
080 ## - უნივერსალური ათობითი კლასიფიკაციის ინდექსი
Universal Decimal Classification number 811.353:811.341.1 მ-58
100 ## - მთავარი ჩანაწერი - პიროვნების სახელი
Personal name მესხი, ანა.
9 (RLIN) 6
245 ## - ცნობა სათაურის შესახებ
Title ქართველური და შუმერული ენობრივი მსგავსებანი. წ. 1 /
Statement of responsibility, etc ანა მესხი ; რედ : იზა ჩანტლაძე ; ქეთევან მარგიანი-სუბარი .
264 ## - წარმოების, გამოცემის, დისტრიბუციის და სხვა ცნობები
გამოცემის, წარმოების, დისტრიბუციის... ადგილი თბილისი :
გამოცემის, წარმოების, დისტრიბუციის... სახელწოდება მწიგნობარი,
გამოცემის, წარმოების, დისტრიბუციის... თარიღი 2009.
300 ## - ფიზიკური აღწერა
Extent 152 გვ. :
Dimensions 19 სმ.
501 ## - შენიშვნა თანმხლებ მასალაზე
With note ინდექსი: გვ. 149-152.
504 ## - BIBLIOGRAPHY, ETC. NOTE
Bibliography, etc ბიბლიოგრაფია: გვ. 138-144.
520 ## - SUMMARY, ETC.
Summary, etc რეზ. ინგლ.
653 ## - INDEX TERM--UNCONTROLLED
Uncontrolled term ქართველური ენები
653 ## - INDEX TERM--UNCONTROLLED
Uncontrolled term შუმერული ენა
700 ## - ADDED ENTRY--PERSONAL NAME
Personal name ჩანტლაძე, იზა
Relator term რედაქტორი
9 (RLIN) 14
700 ## - ADDED ENTRY--PERSONAL NAME
Personal name მარგიანი-სუბარი, ქეთევან
Relator term რედაქტორი
9 (RLIN) 12
710 ## - ADDED ENTRY--CORPORATE NAME
Relator term ქართველური ცივილიზაციის კვლევის ცენტრი.
9 (RLIN) 5165
942 ## - ADDED ENTRY ELEMENTS (KOHA)
Source of classification or shelving scheme
Koha item type წიგნი
ეგზემპლარები
ჩამოწერის სტატუსი დაკარგული ეგზემპლარის სტატუსი კლასიფიკაციის წყარო ან თაროზე გაწყობის სქემა დაზიანების სტატუსი არ გაიცემა მუდმივი მდებარეობა (დაცვის ადგილი) ამჟამინდელი ადგილსამყოფელი თაროზე განთავსების ადგილი შეძენის თარიღი ღირებულება, შესყიდვის ნორმალური ფასი სრული შენახვის შიფრი შტრიხკოდი ბოლო ოპერაციის თარიღი ეგზემპლარის მიმდევრობითი ნომერი (კეტერი?) ფასის ძალაში შესვლის თარიღი ეგზემპლარის სახეობა საჯარო შენიშვნა
          ბათუმის შოთა რუსთაველის სახელმწიფო უნივერსიტეტის მთავარი ბიბლიოთეკა ბათუმის შოთა რუსთაველის სახელმწიფო უნივერსიტეტის მთავარი ბიბლიოთეკა წიგნსაცავი 2019-10-31 7.00 811.353:811.341.1 მ-58 59040 2019-10-31 59040 2019-10-31 წიგნი 7.00
          ბათუმის შოთა რუსთაველის სახელმწიფო უნივერსიტეტის მთავარი ბიბლიოთეკა ბათუმის შოთა რუსთაველის სახელმწიფო უნივერსიტეტის მთავარი ბიბლიოთეკა წიგნსაცავი 2019-10-31 7.00 811.353:811.341.1 მ-58 59041 2019-10-31 59041 2019-10-31 წიგნი 7.00